1662 1087 1353 1048 1051 1492 1701 1288 1385 1295 1975 1741 1124 1811 1694 1407 1531 1227 1089 1345 1985 1279 1825 1852 1367 1347 1166 1141 1195 1106 1093 1244 1008 1508 1747 1239 1691 1415 1086 1726 1413 1796 1160 1872 1889 1244 1492 1607 1961 1599 1969 1437 1357 1175 1119 1898 1974 1112 1630 1489 1963 1500 1223 1956 1221 1891 1393 1848 1181 1194 1924 1833 1785 1031 1930 1933 1254 1347 1539 1662 1857 1949 1881 1000 1820 1362 1286 1641 1141 1485 1192 1964 1851 1926 1614 1149 1140 1721 1895 BCNSPRNW ULIB Ver.6.0+V

เปลี่ยนเป็นภาษาไทย

Change to English
 แสดงรายละเอียดบรรณานุกรม
  กลับหน้าหลัก

Brief Record : Get Marc (ISO 2709) : E-mail record : QR code < ปิดหน้าต่าง
LEADER : 00000nam 2200000uu 4500
001    13399111773
003     ULIB
008    110708s2553||||th 000 0 tha d
020    9746435655
060 04 QZ140^bพ218 ล.3
245 00 พยาธิสรีรวิทยาและเภสัชวิทยาคลินิกสำหรับพยาบาล หน่วยที่ 11-15 =^bPathophysiology and clinical pharmacology for nurse /^cศรีนวล สถิตวิทยานันท์ ... [และคนอื่นๆ]
246 31 Pathophysiology and clinical pharmacology for nurse
250    พิมพ์ครั้งที่ 13
260    [นนทบุรี] :^bสาขาวิชาพยาบาลศาสตร์มหาวิทยาลัยสุโขทัยธรรมาธิราช,^c2553
300    3 ล. :^bภาพประกอบ ;^c30 ซม.
500    "เอกสารการสอนชุดวิชา 51103 หน่วยที่ 11-15"--หน้าปกใน
650  4 พยาธิวิทยา
650  4 พยาบาล
650  4 เภสัชวิทยาคลินิก
650  4 สรีรวิทยา
700 0  พิสมัย ประทุมทาน
710 2  มหาวิทยาลัยสุโขทัยธรรมาธิราช. ^bสาขาวิชาพยาบาลศาสตร์
945    ^p0^l0^i18292
945    ^p0^l0^i18293
945    ^p0^l0^i18291
995    กัณชพร
999 ^a ใช้งานได้ทุกระบบ
รายการนี้ยังไม่มีแท็ก
คุณยังไม่ได้ล็อกอิน คุณสามารถมีกิจกรรมร่วมกับเว็บไซต์ได้ แต่ต้องล็อกอินก่อน ::
  ล็อกอิน

รายการสื่อสารสนเทศ

ลำดับที่ ประเภท เลขเรียก/บาร์โค้ด สถานที่ สถานะ
- ไม่พบข้อมูล -

รายการใกล้เคียง
    หัวเรื่อง [พยาธิวิทยา]
    หัวเรื่อง [พยาบาล]
    หัวเรื่อง [เภสัชวิทยาคลินิก]
    หัวเรื่อง [สรีรวิทยา]

BibComment


ยังไม่เคยถูกคอมเมนท์

คอมเมนท์ทรัพยากรรายการนี้
  คอมเมนท์: พยาธิสรีรวิทยาและ..


 Copyright 2026. Bcnsprnw @Library